Roi de France : Louis XVII - Statistiques

Statistiques générales
  • Ce quiz a été pris 52 fois
  • Le résultat moyen est 7 sur 20
Statistiques - réponses
Questions Réponses % Correct
Mère de Louis XVII. Marie-Antoinette
96%
Année de naissance de Louis XVII. 1785
76%
Prénom de naissance du futur Louis XVII : Louis-_____. Charles
63%
Oncle de Louis XVII et futur roi lui-même qui reconnut Louis-Charles comme roi de France et de Navarre, sous le nom de Louis XVII à la mort de son père le 21 janvier 1793. Les puissances étrangères ne reconnaissant pas la république, y compris les jeunes États-Unis d'Amérique, en firent de même. Louis XVIII / Le comte de Provence
63%
Palais où s'installa la famille royale avec le dauphin futur Louis XVII, en date du 6 octobre 1789 après les premières journées révolutionnaires. Le Palais des Tuileries
59%
Prison dans laquelle Louis XVII a été retenu captif avec ses parents par les révolutionnaires à partir du 13 août 1792, puis séparé de sa mère au 3 juillet 1793 alors que Louis XVI, son père, avait déjà été guillotiné. La Prison du Temple
51%
Maladie dont Louis XVII, enfermé seul dans sa cellule sans hygiène, souffrait durant les dernier mois de sa vie et dont il mourut le 8 juin 1795 selon l'autopsie du Dr. Pelletan. Même si une péritonite semble lui avoir donné le coup de grâce. Son frère aîné Louis-Joseph y avait lui-même succombé en 1789. La tuberculose
43%
Capitale européenne aux alentours de laquelle se dresse le château de Frohsdorf, propriété des Bourbons héritiers du trône de France, où le cœur de Louis XVII jadis dérobé par le Dr Pelletan au cours de l'autopsie de l'enfant, avait atterri après moult péripéties en 1885. Vienne
43%
Terrasse du château de Versailles où un petit jardin avait été aménagé pour que le futur Louis XVII pût cultiver ses fleurs « pour qu’elles soient plus agréables à maman qui les aime beaucoup ». Le nom de cette terrasse suggère une orientation au sud : la "Terrasse du ___". Midi
37%
Capitale européenne où Béatrice, fille de Charles de Bourbon, prétendant légitimiste au trône de France, s'enfuit en 1942, emportant avec elle, le cœur de Louis XVII. En 1975, ses propres filles le restituèrent à la France. Rome
35%
Macromolécule biologique présente dans presque toutes les cellules d'un être vivant, qui contient toute l'information génétique permettant son développement, son fonctionnement et sa reproduction. Une analyse (publiée en l'an 2000) de cette macromolécule sur le cœur réputé être celui de Louis XVII tend à confirmer qu'il s'agit bien du sien et donc à confirmer qu'il est bien décédé à l'âge de 10 ans, sous la Révolution. L'A.D.N / L'acide désoxyribonucléique
29%
Général vendéen qui relança la guerre dans sa région à la suite de l'annonce du décès de Louis XVII. François Athanase Charette de La Contrie
27%
Province de France dont Louis XVII a été titré duc avant le décès de son frère aîné Louis-Joseph. La Normandie
27%
Réponse que Louis XVII adressa à cette question d'Antoine Simon : - Que me ferais-tu, Capet, si tes amis te délivraient et si tu devenais Roi de France pour de vrai ? - Je vous ________rais. Pardonnerais
20%
Avocat médiatique, membre du "Rassemblement national" qui défendit les descendants du précédent et soutint la thèse de la survie de Louis XVII à la Révolution. Me Gilbert Collard
14%
Film sorti en 2023 retraçant la lutte du général vendéen cité plus haut (réponse #12) et dans lequel Louis XVII est incarné par l'acteur enfant Léon Durieux. Vaincre ou mourir
10%
Ville de la province de Forez au nord de Saint-Étienne où en date du 6 août 1793, la population se révolte sous les cris de "Vive le roi Louis XVII". En conséquence, son instituteur Antoine Simon désigna "Voici le roi Louis de ________, je m'en vais l'oindre, l'encenser et le couronner". Montbrison
8%
Acteur plus tard habitué des films dialogués par Michel Audiard, qui incarnait dans le film "Monseigneur" de Roger Richebé (1949) un ouvrier qu'on disait être descendant de Louis XVII. Bernard Blier
6%
Imposteur apparemment prussien, apparu à Berlin à la fin de l'année 1810, prétendant être Louis XVII, évadé de la prison évoqué à la question #6. Ses connaissances sur la vie de l'enfant ont convaincu de nombreux témoins qu'il était réellement Louis XVII. Charles-Guillaume Naundorff
2%
Doctrine qui accrédite la thèse de la survie de Louis XVII à la Révolution. Le survivantisme
2%
Aucun quiz correspondant
Distribution des résultats
% des personnes avec chaque résultat
Percentile par nombre de réponses
Votre historique - résultats
Vous n’avez pas pris ce quiz